000 00625nam a2200229Ia 4500
008 101110s9999 xx 000 0 und d
041 _aENGLISH
082 _bSR31123
100 _aSchildt Herbert
245 _aJava TM2: the complete reference 5th edition
260 _c2008
_bTata McGraw hill Publication, New delhi
300 _a1154
365 _b465
520 _aBSc Computer
520 _aComputer
546 _aENGLISH
630 _aJava TM2: the complete reference 5th edition
650 _aComputer
655 _aComputer
730 _aJava TM2: the complete reference 5th edition
942 _cBOOK
999 _c823626
_d823623